| 000 | 00851nac a22002651u 4500 | ||
|---|---|---|---|
| 003 | EG-ScBUE | ||
| 005 | 20211115123442.0 | ||
| 008 | 200219s2003 le f 000 d eng d | ||
| 040 |
_aEG-ScBUE _beng _erda _cEG-ScBUE _dEG-ScBUE |
||
| 082 | 0 | 4 |
_a822.4 _bWYC _222 |
| 100 | 1 |
_aWycherley, William, _d1640-1716, _eauthor. |
|
| 245 | 1 | 4 |
_aThe country wife : _bwith an introduction / _cWilliam Wycherley. |
| 264 | 1 |
_aBeirut : _bYork Press, _c2003. |
|
| 300 |
_a255 pages ; _c20 cm. |
||
| 336 |
_2rdacontent _atext _btxt |
||
| 337 |
_2rdamedia _aunmediated _bn |
||
| 338 |
_2rdacarrier _avolume _bnc |
||
| 490 | 0 | _aYork classics | |
| 650 | 7 |
_aMarried women _vDrama. _2BUEsh |
|
| 650 | 7 |
_aSeduction _vDrama. _2BUEsh |
|
| 651 | 7 |
_aLondon (England) _vDrama. _2BUEsh |
|
| 653 |
_bHHUUEENN _cNovember2021 |
||
| 655 |
_vReading book _934232 |
||
| 942 |
_cBB _2ddc |
||
| 999 |
_c239 _d239 |
||